| 000 | 00466nam a2200157 4500 | ||
|---|---|---|---|
| 001 | 117511 | ||
| 003 | ES-MaACL | ||
| 005 | 20230906190923.0 | ||
| 007 | t| | ||
| 008 | 070214s1952 sp r ||||1| spa d | ||
| 100 | 1 |
_aPedregal, Luis Joaquín. _989897 |
|
| 245 | 1 | 3 |
_aUn abogado anta la estafeta del 02704 / _cpor Luis J. Pedregal. |
| 260 |
_aSevilla : _b[s.n.], _c1952 ( _fImp. Carlos Acuña) |
||
| 300 |
_a38 p. ; _c21 cm. |
||
| 852 |
_aES-MaACL _j1934-F-4 _bR.23367 |
||
| 999 |
_c117511 _d117511 |
||